000 01593nam0a2200325 4500
001 RU\NLR\bibl\1192847
005 20260405111524.0
021 _aRU
_b2007-93856
_95067
035 _a(NLR Aleph) 001179389
090 _a1647665
_c1647665
100 _a20080222d2007 |||y0rusy50 ca
101 0 _arus
102 _aRU
105 _aa |||||||||
200 1 _aПредпосылки технологической диверсификации производства энергии в стратегии инновационного развития регионального электроэнергетического комплекса
_fМ.Б. Петров, А.Ю. Домников
205 _a[Препр.]
210 _aЕкатеринбург
_cИнститут экономики
_d2007
215 _a46 с.
_cил.
_d21
225 1 _aНаучные доклады
_fРос. акад. наук, Урал. отд-ние, Ин-т экономики
320 _aБиблиогр. в подстроч. прим.
606 1 _aЭлектроэнергетика
_xИнновационная деятельность
_xУправление
_92339590
_3RU\NLR\auth\661398554
686 _aУ30(2)57-55-21
700 1 _4070
_8rus
_7ca
_aПетров
_bМ. Б.
_cд-р техн. наук
_gМихаил Борисович
_3RU\NLR\auth\7742467
_925411
701 1 _aДомников
_bА. Ю.
_gАлексей Юрьевич
_4070
801 0 _aRU
_bNLR
_c20080222
_gRCR
801 1 _aRU
_bNLR
_c20080222
830 _aАвт. по кн.
942 _cBOOK
980 _aNB